[Event "POL-chT 2st League"]
[Site "Mrzezyno"]
[Date "2010.09.08"]
[Round "5.88"]
[White "Purzycki, Jan Dawid"]
[Black "Jedrzejewski, Kamil"]
[Result "1-0"]
[WhiteElo "2011"]
[BlackElo "2039"]
[PlyCount "48"]
[EventDate "2010.09.04"]
[EventType "team-swiss"]
[EventRounds "9"]
[EventCountry "POL"]
[SourceTitle "EXT 2019"]
[Source "ChessBase"]
[SourceDate "2018.10.10"]
[SourceVersion "1"]
[SourceVersionDate "2018.10.10"]
[SourceQuality "1"]
[WhiteTeam "Poznan Lech"]
[BlackTeam "Gniezno LKS Chrobry"]
[WhiteTeamCountry "POL"]
[BlackTeamCountry "POL"]

1. c4 f5 2. d4 Nf6 3. g3 g6 4. Bg2 Bg7 5. Nh3 d6 6. Nf4 0-0 7. d5 e5 8. dxe6 c6 9. Nc3 Na6 10. 0-0 Qe7 11. Qd2 Bxe6 12. Nxe6 Qxe6 13. b3 Nc5 14. Bb2 Nfe4 15. Nxe4 Nxe4 16. Bxe4 fxe4 17. Bxg7 Kxg7 18. Rad1 Rf6 19. f4 a5 20. a4 Qf5 21. e3 Re8 22. Kg2 Re7 23. h3 h5 24. h4 Kh7 1-0

[Event "POL-chT 2st League"]
[Site "Mrzezyno"]
[Date "2010.09.05"]
[Round "2.22"]
[White "Flak, Pawel"]
[Black "Jedrzejewski, Kamil"]
[Result "1-0"]
[WhiteElo "2146"]
[BlackElo "2039"]
[PlyCount "53"]
[EventDate "2010.09.04"]
[EventType "team-swiss"]
[EventRounds "9"]
[EventCountry "POL"]
[SourceTitle "EXT 2019"]
[Source "ChessBase"]
[SourceDate "2018.10.10"]
[SourceVersion "1"]
[SourceVersionDate "2018.10.10"]
[SourceQuality "1"]
[WhiteTeam "Gostynin Gostmat 83"]
[BlackTeam "Gniezno LKS Chrobry"]
[WhiteTeamCountry "POL"]
[BlackTeamCountry "POL"]

1. d4 d5 2. c4 e6 3. Nc3 Nf6 4. Nf3 Be7 5. g3 0-0 6. Bg2 b6 7. cxd5 exd5 8. 0-0 Bb7 9. Ne5 Nbd7 10. b3 c5 11. e3 Re8 12. Bb2 Rc8 13. Bh3 cxd4 14. exd4 Bb4 15. Qf3 Rb8 16. Bxd7 Rxe5 17. dxe5 Qxd7 18. exf6 d4 19. Ne4 Re8 20. Rfe1 Bxe1 21. Rxe1 Qd5 22. Qg4 g6 23. f3 Qf5 24. Qf4 Qxf4 25. gxf4 d3 26. Rd1 Rd8 27. Kf2 1-0

[Event "POL-chT 2nd League"]
[Site "Miedzyzdroje"]
[Date "2009.09.12"]
[Round "1"]
[White "Grochowalski, Pawel"]
[Black "Jedrzejewski, Kamil"]
[Result "1/2-1/2"]
[WhiteElo "2062"]
[BlackElo "2017"]
[PlyCount "81"]
[EventDate "2009.09.12"]
[EventType "team-swiss"]
[EventRounds "9"]
[EventCountry "POL"]
[SourceTitle "EXT 2019"]
[Source "ChessBase"]
[SourceDate "2018.10.10"]
[SourceVersion "1"]
[SourceVersionDate "2018.10.10"]
[SourceQuality "1"]
[WhiteTeam "Torun Torfarm 64"]
[BlackTeam "Gniezno LKS Chrobry"]
[WhiteTeamCountry "POL"]
[BlackTeamCountry "POL"]

1. d4 d5 2. c4 e6 3. Nc3 Nf6 4. Bg5 Be7 5. e3 h6 6. Bh4 0-0 7. cxd5 exd5 8. Bd3 b6 9. Nge2 Bb7 10. 0-0 c5 11. Rc1 Nbd7 12. Bb1 Re8 13. h3 Rc8 14. Bg3 a6 15. dxc5 bxc5 16. Qc2 Qb6 17. Nf4 Nf8 18. Kh2 d4 19. Na4 Qc6 20. exd4 Nd5 21. Nxd5 Qxd5 22. f3 cxd4 23. Qd3 Bd6 24. Rcd1 Rcd8 25. b3 Bxg3+ 26. Kxg3 Qg5+ 27. Kh2 Qf4+ 28. Kh1 Re3 29. Qf5 Ng6 30. Nc5 Bc6 31. Qxf4 Nxf4 32. Nd3 Ne2 33. Nb4 Bb5 34. Rfe1 Rde8 35. Kh2 Nc3 36. Rxe3 Rxe3 37. Rc1 Nxb1 38. Rxb1 a5 39. Nd5 Re2 40. Rd1 Rxa2 41. Rxd4 1/2-1/2

[Event "Poznan op-B 18th"]
[Site "Poznan"]
[Date "2009.07.25"]
[Round "7"]
[White "Jedrzejewski, Kamil"]
[Black "Chojnacka, Magdalena"]
[Result "1-0"]
[WhiteElo "1998"]
[BlackElo "1888"]
[PlyCount "61"]
[EventDate "2009.07.19"]
[EventType "swiss"]
[EventRounds "9"]
[EventCountry "POL"]
[SourceTitle "EXT 2011"]
[Source "ChessBase"]
[SourceDate "2010.11.26"]
[SourceVersion "1"]
[SourceVersionDate "2010.11.26"]
[SourceQuality "1"]

1. e4 c5 2. Nc3 g6 3. f4 Bg7 4. Nf3 d6 5. Bc4 Nf6 6. d3 0-0 7. 0-0 a6 8. a4 Nbd7 9. Qe1 e6 10. Qh4 Nb6 11. Ba2 Nh5 12. Qe1 Bd7 13. a5 Na4 14. f5 Nxc3 15. bxc3 exf5 16. Ng5 Be8 17. exf5 d5 18. fxg6 hxg6 19. g4 Bh6 20. Qe5 Ng7 21. Bxd5 Qd7 22. h3 Rd8 23. c4 Qd6 24. Qxd6 Rxd6 25. Ne4 Rxd5 26. cxd5 Bxc1 27. Raxc1 Bb5 28. c4 Be8 29. Nf6+ Kh8 30. Ra1 g5 31. Rfe1 1-0

[Event "Poznan op-B 18th"]
[Site "Poznan"]
[Date "2009.07.22"]
[Round "5"]
[White "Jedrzejewski, Kamil"]
[Black "Hemmerling, Jaroslaw"]
[Result "1/2-1/2"]
[WhiteElo "1998"]
[BlackElo "1927"]
[PlyCount "63"]
[EventDate "2009.07.19"]
[EventType "swiss"]
[EventRounds "9"]
[EventCountry "POL"]
[SourceTitle "EXT 2011"]
[Source "ChessBase"]
[SourceDate "2010.11.26"]
[SourceVersion "1"]
[SourceVersionDate "2010.11.26"]
[SourceQuality "1"]

1. e4 e5 2. Nf3 Nf6 3. Nc3 Nc6 4. Bc4 Nxe4 5. Nxe4 d5 6. d4 dxc4 7. dxe5 Qxd1+ 8. Kxd1 Bg4 9. Be3 Nxe5 10. Ke2 0-0-0 11. h3 Nxf3 12. hxg4 Nd4+ 13. Bxd4 Rxd4 14. Ke3 Rd7 15. Rad1 Be7 16. Rd4 Rxd4 17. Kxd4 b5 18. Rh5 c6 19. a4 a6 20. axb5 cxb5 21. Rf5 f6 22. Kd5 Kd7 23. g5 fxg5 24. Rxg5 Rf8 25. Rxg7 Rf5+ 26. Kd4 h5 27. f3 h4 28. Rg6 a5 29. Ra6 a4 30. Ra7+ Ke6 31. Ra6+ Kd7 32. Ra7+ 1/2-1/2

[Event "Poznan op-B 18th"]
[Site "Poznan"]
[Date "2009.07.21"]
[Round "3"]
[White "Jedrzejewski, Kamil"]
[Black "Moryson, Adrian"]
[Result "1-0"]
[WhiteElo "1998"]
[BlackElo "1891"]
[PlyCount "87"]
[EventDate "2009.07.19"]
[EventType "swiss"]
[EventRounds "9"]
[EventCountry "POL"]
[SourceTitle "EXT 2011"]
[Source "ChessBase"]
[SourceDate "2010.11.26"]
[SourceVersion "1"]
[SourceVersionDate "2010.11.26"]
[SourceQuality "1"]

1. e4 d6 2. d4 Nf6 3. Nc3 g6 4. Be2 Bg7 5. h4 h5 6. Nh3 Bxh3 7. Rxh3 Nbd7 8. f3 c6 9. Be3 Qb6 10. Qd2 0-0-0 11. 0-0-0 Qa5 12. g4 Kb8 13. g5 Ne8 14. f4 d5 15. e5 e6 16. Bf2 Bf8 17. a3 Rc8 18. Nb1 Qc7 19. c4 dxc4 20. Bxc4 Nb6 21. Bf1 Rd8 22. Qc2 Nd5 23. Rf3 Qd7 24. Nd2 Nb6 25. Ne4 Be7 26. Kb1 Nc7 27. Rc1 Qd5 28. Rb3 Qa5 29. Bg2 Nb5 30. Rd1 Qa4 31. Nc3 Nxc3+ 32. Qxc3 Nd5 33. Qc2 Ka8 34. Be4 Rd7 35. Rc1 Rhd8 36. Ka2 a5 37. Kb1 Bf8 38. Be1 Qxd4 39. Bxa5 Rc8 40. Be1 Ne3 41. Rxe3 Qxe3 42. Bf2 Qd2 43. Qa4+ Kb8 44. Qa7+ 1-0

[Event "Gniezno-ch Final-A"]
[Site "Gniezno"]
[Date "2008.11.07"]
[Round "1"]
[White "Jedrzejewski, Kamil"]
[Black "Bardeli, Lukasz"]
[Result "0-1"]
[WhiteElo "1982"]
[BlackElo "2345"]
[PlyCount "73"]
[EventDate "2008.11.07"]
[EventType "swiss"]
[EventRounds "9"]
[EventCountry "POL"]
[SourceTitle "EXT 2023"]
[Source "ChessBase"]
[SourceDate "2022.10.05"]
[SourceVersion "1"]
[SourceVersionDate "2022.10.05"]
[SourceQuality "1"]

1. e4 Nf6 2. e5 Nd5 3. d4 d6 4. c4 Nb6 5. exd6 cxd6 6. h3 g6 7. Nf3 Bg7 8. Nc3 0-0 9. Be3 Nc6 10. a3 Bf5 11. Bd3 Bxd3 12. Qxd3 d5 13. c5 Nc4 14. Rb1 e5 15. dxe5 Nxe3 16. fxe3 Nxe5 17. Nxe5 Qh4+ 18. Ke2 Bxe5 19. Qxd5 Bxc3 20. bxc3 Rad8 21. Qf3 Qc4+ 22. Kf2 Rd2+ 23. Kg3 Qxc5 24. Rxb7 Rd3 25. Kh2 Rxe3 26. Qf4 Rxc3 27. Rf1 Rc4 28. Qf6 Rc2 29. Rxf7 Rxg2+ 30. Kh1 Rg1+ 31. Kh2 Rh1+ 32. Kxh1 Qd5+ 33. Kh2 Rxf7 34. Qxf7+ Qxf7 35. Rxf7 Kxf7 36. Kg3 Kf6 37. Kf4 0-1

[Event "Zlota Wieze 50"]
[Site "Pultusk"]
[Date "2008.07.04"]
[Round "7.1"]
[White "Galaszewski, Patryk"]
[Black "Jedrzejewski, Kamil"]
[Result "1/2-1/2"]
[WhiteElo "1734"]
[BlackElo "1956"]
[PlyCount "55"]
[EventDate "2008.06.30"]
[EventType "team"]
[EventRounds "9"]
[EventCountry "POL"]
[SourceTitle "EXT 2020"]
[Source "ChessBase"]
[SourceDate "2019.10.17"]
[SourceVersion "1"]
[SourceVersionDate "2019.10.17"]
[SourceQuality "1"]

1. d4 d5 2. Nf3 Nf6 3. Bg5 e6 4. Nbd2 Be7 5. Bxf6 Bxf6 6. e4 dxe4 7. Nxe4 0-0 8. c3 b6 9. Bd3 Bb7 10. 0-0 Nd7 11. Bc2 g6 12. Nxf6+ Qxf6 13. Qe2 Bxf3 14. Qxf3 Qxf3 15. gxf3 c5 16. dxc5 Nxc5 17. Rad1 Rad8 18. Kg2 Kg7 19. f4 Nd7 20. Rd4 Nf6 21. Rfd1 Rd5 22. Bb3 Rxd4 23. Rxd4 Rc8 24. Rc4 Rxc4 25. Bxc4 Ne4 26. Bd3 Nc5 27. Bc2 f5 28. b4 1/2-1/2

[Event "Zlota Wieze 50"]
[Site "Pultusk"]
[Date "2008.07.02"]
[Round "4.1"]
[White "Jedrzejewski, Kamil"]
[Black "Tofil, Borys"]
[Result "1-0"]
[WhiteElo "1956"]
[BlackElo "2171"]
[PlyCount "57"]
[EventDate "2008.06.30"]
[EventType "team"]
[EventRounds "9"]
[EventCountry "POL"]
[SourceTitle "EXT 2020"]
[Source "ChessBase"]
[SourceDate "2019.10.17"]
[SourceVersion "1"]
[SourceVersionDate "2019.10.17"]
[SourceQuality "1"]

1. e4 g6 2. d4 Bg7 3. Nc3 d6 4. Be2 a6 5. h4 h5 6. Nf3 Nf6 7. Ng5 Nc6 8. Be3 Ng4 9. Bxg4 hxg4 10. d5 Ne5 11. f4 gxf3 12. gxf3 c5 13. Qe2 b5 14. 0-0-0 Nc4 15. f4 Nxb2 16. Kxb2 b4 17. e5 bxc3+ 18. Ka1 Bf5 19. h5 Rxh5 20. Rxh5 gxh5 21. Nxf7 Qb6 22. Rb1 Bg4 23. Qd3 Qa7 24. Qg6 Rb8 25. Nxd6+ Kd7 26. Rb3 Bh8 27. f5 Qa8 28. Nb7 Rc8 29. e6+ 1-0

[Event "Zlota Wieze 50"]
[Site "Pultusk"]
[Date "2008.06.30"]
[Round "1.6"]
[White "Jedrzejewski, Kamil"]
[Black "Bartyzel, Andrzej"]
[Result "1-0"]
[WhiteElo "1956"]
[BlackElo "2051"]
[PlyCount "39"]
[EventDate "2008.06.30"]
[EventType "team"]
[EventRounds "9"]
[EventCountry "POL"]
[SourceTitle "EXT 2020"]
[Source "ChessBase"]
[SourceDate "2019.10.17"]
[SourceVersion "1"]
[SourceVersionDate "2019.10.17"]
[SourceQuality "1"]

1. e4 c5 2. Nc3 d6 3. f4 Nc6 4. Nf3 g6 5. Bc4 Bg7 6. d3 Nf6 7. 0-0 0-0 8. Qe1 a6 9. a4 Nb4 10. Bb3 Rb8 11. Qh4 b5 12. axb5 axb5 13. Kh1 Ba6 14. e5 c4 15. exf6 Bxf6 16. Ng5 h6 17. Qxh6 Bxg5 18. fxg5 cxb3 19. Rf4 Re8 20. Rh4 1-0

[Event "Zlota Wieza op 49th"]
[Site "Gniezno"]
[Date "2007.05.20"]
[Round "1"]
[White "Jedrzejewski, Kamil"]
[Black "Smola, Michal"]
[Result "1/2-1/2"]
[WhiteElo "1975"]
[BlackElo "2067"]
[PlyCount "160"]
[EventDate "2007.05.20"]
[EventType "swiss"]
[EventRounds "9"]
[EventCountry "POL"]
[SourceTitle "EXT 2011"]
[Source "ChessBase"]
[SourceDate "2010.11.26"]
[SourceVersion "1"]
[SourceVersionDate "2010.11.26"]
[SourceQuality "1"]

1. e4 c5 2. Nc3 e6 3. f4 Nc6 4. Nf3 Nge7 5. d3 g6 6. g3 Bg7 7. Bg2 0-0 8. 0-0 d5 9. e5 Rb8 10. a4 a6 11. Qe1 b5 12. axb5 axb5 13. g4 b4 14. Ne2 b3 15. c3 d4 16. cxd4 Nb4 17. Qc3 Nc2 18. Ra5 Nd5 19. Qxc5 Bb7 20. Ra7 Nde3 21. Bxe3 Nxe3 22. Rc1 Nxg2 23. Kxg2 Qh4 24. d5 Qxg4+ 25. Kf2 Bxd5 26. Qe3 Qh3 27. Rg1 Bxf3 28. Qxf3 Qxh2+ 29. Ke3 Qh4 30. Rd7 Rbd8 31. Rb7 Rd5 32. Nc3 Ra5 33. Rd7 Bh6 34. d4 Rd8 35. Rb7 Rc8 36. Rd7 Qh2 37. Rg2 Bxf4+ 38. Ke4 Qh6 39. Qxf4 Qxf4+ 40. Kxf4 h6 41. Ke4 Ra1 42. Rf2 Re1+ 43. Kd3 Rf8 44. Ne4 Rd1+ 45. Kc3 Rc1+ 46. Kd3 Rd1+ 47. Nd2 g5 48. Ke2 Rh1 49. Ne4 Rh4 50. Ke3 Rh3+ 51. Rf3 Rxf3+ 52. Kxf3 Kg7 53. Rb7 Kg6 54. Rxb3 h5 55. Rb7 Rc8 56. Nd6 Rc1 57. Rb8 h4 58. Rg8+ Kh5 59. Rh8+ Kg6 60. b4 Rc3+ 61. Ke4 Kg7 62. Ra8 h3 63. Ra2 g4 64. Rh2 g3 65. Rxh3 g2 66. Rxc3 g1Q 67. Rc4 Qg3 68. Rc7 Qe1+ 69. Kd3 Qxb4 70. Rxf7+ Kg6 71. Rf6+ Kg5 72. Ne4+ Kg4 73. Nc3 Qb3 74. Kd2 Qc4 75. Ne2 Qb3 76. Nc3 Qc4 77. Ne2 Kg5 78. Rf4 Qb4+ 79. Ke3 Qb1 80. Kd2 Qb3 1/2-1/2

[Event "POL-ch U16"]
[Site "Leba"]
[Date "2007.04.01"]
[Round "11"]
[White "Jedrzejewski, Kamil"]
[Black "Wasik, Piotr"]
[Result "1/2-1/2"]
[WhiteElo "1958"]
[BlackElo "1914"]
[PlyCount "41"]
[EventDate "2007.03.24"]
[EventType "swiss"]
[EventRounds "11"]
[EventCountry "POL"]
[SourceTitle "EXT 2011"]
[Source "ChessBase"]
[SourceDate "2010.11.26"]
[SourceVersion "1"]
[SourceVersionDate "2010.11.26"]
[SourceQuality "1"]

1. e4 c5 2. Nc3 Nc6 3. f4 g6 4. Nf3 Bg7 5. Bc4 e6 6. d3 Nge7 7. 0-0 0-0 8. Qe1 d5 9. Bb3 Nd4 10. Qh4 Nxb3 11. axb3 Nc6 12. Qh3 Nd4 13. Nxd4 cxd4 14. Ne2 dxe4 15. dxe4 b5 16. Qd3 Bb7 17. e5 Qd5 18. Rf3 Rfd8 19. Rf2 f6 20. exf6 Bxf6 21. Bd2 1/2-1/2

[Event "POL-ch U16"]
[Site "Leba"]
[Date "2007.03.30"]
[Round "9"]
[White "Jedrzejewski, Kamil"]
[Black "Mucha, Roman"]
[Result "0-1"]
[WhiteElo "1958"]
[BlackElo "2114"]
[PlyCount "136"]
[EventDate "2007.03.24"]
[EventType "swiss"]
[EventRounds "11"]
[EventCountry "POL"]
[SourceTitle "EXT 2011"]
[Source "ChessBase"]
[SourceDate "2010.11.26"]
[SourceVersion "1"]
[SourceVersionDate "2010.11.26"]
[SourceQuality "1"]

1. e4 c5 2. Nc3 Nc6 3. f4 g6 4. Nf3 Bg7 5. Bc4 e6 6. d3 Nge7 7. 0-0 0-0 8. Qe1 d5 9. Bb3 Na5 10. Kh1 a6 11. exd5 Nxb3 12. axb3 exd5 13. Qf2 Qc7 14. d4 c4 15. bxc4 Qxc4 16. Ne5 Qc7 17. h3 Be6 18. Nd1 f6 19. Ng4 Nf5 20. c3 Rae8 21. Nde3 Nd6 22. Qf3 Qc6 23. Nf2 Rf7 24. Nd3 Ne4 25. f5 gxf5 26. Nf4 Kh8 27. Nxe6 Qxe6 28. Nxf5 Qxf5 29. Qxf5 Ng3+ 30. Kh2 Nxf5 31. Rxf5 Rd7 32. Ra5 Red8 33. Bf4 Kg8 34. Rc5 Kf7 35. Bc7 Rc8 36. Bb6 Rxc5 37. Bxc5 Ke6 38. Rf2 Bh6 39. g4 Bc1 40. Kg3 Rf7 41. Rc2 Bh6 42. h4 Kd7 43. Re2 Bc1 44. b3 Bh6 45. c4 dxc4 46. bxc4 b5 47. cxb5 axb5 48. d5 Bf8 49. Bxf8 Rxf8 50. Re6 Rb8 51. Rxf6 b4 52. Rf1 Kd6 53. Rb1 Kxd5 54. Kf4 b3 55. Kg5 Rb6 56. Kh5 Kc4 57. g5 Kc3 58. Rh1 b2 59. Rh3+ Kd4 60. Rh1 b1Q 61. Rxb1 Rxb1 62. g6 hxg6+ 63. Kxg6 Rg1+ 64. Kf6 Rh1 65. Kg5 Ke5 66. h5 Rg1+ 67. Kh6 Kf6 68. Kh7 Rh1 0-1

[Event "POL-ch U16"]
[Site "Leba"]
[Date "2007.03.29"]
[Round "8"]
[White "Jedrzejewski, Kamil"]
[Black "Sochacki, Wojtek"]
[Result "0-1"]
[WhiteElo "1958"]
[BlackElo "2055"]
[PlyCount "120"]
[EventDate "2007.03.24"]
[EventType "swiss"]
[EventRounds "11"]
[EventCountry "POL"]
[SourceTitle "EXT 2011"]
[Source "ChessBase"]
[SourceDate "2010.11.26"]
[SourceVersion "1"]
[SourceVersionDate "2010.11.26"]
[SourceQuality "1"]

1. e4 e6 2. d4 d5 3. e5 c5 4. c3 Nc6 5. Nf3 Bd7 6. a3 f6 7. Bd3 c4 8. Bc2 Qc7 9. Bf4 0-0-0 10. Bg3 Qb6 11. b4 cxb3 12. Bxb3 Na5 13. Nbd2 Nxb3 14. Qxb3 Qxb3 15. Nxb3 Ne7 16. Nc5 Nf5 17. Nxd7 Kxd7 18. Bf4 Rc8 19. Bd2 h5 20. Ke2 Be7 21. Kd3 Rc6 22. Rhb1 b6 23. a4 a6 24. Rb3 Rhc8 25. h3 h4 26. Bf4 Bd8 27. Rg1 Rc4 28. Ra3 Be7 29. Rb3 Bd8 30. g4 hxg3 31. fxg3 Rxa4 32. g4 Ne7 33. exf6 gxf6 34. Bh2 Bc7 35. Bxc7 Kxc7 36. Re1 Ng6 37. h4 Nf4+ 38. Kc2 Ra2+ 39. Kb1 Rf2 40. Re3 Rh8 41. Rb2 Rxb2+ 42. Kxb2 Kd6 43. Kb3 Ng2 44. Re2 Nxh4 45. Rh2 Ng6 46. Rf2 e5 47. Nxe5 fxe5 48. Rf6+ Kc7 49. Rxg6 exd4 50. cxd4 Rh3+ 51. Kc2 a5 52. Rg5 Kc6 53. Rg6+ Kb5 54. Rd6 Rg3 55. Rxd5+ Kc4 56. Rd6 Rg2+ 57. Kb1 b5 58. Ra6 Kb3 59. Kc1 a4 60. Rf6 Rg1+ 0-1

[Event "POL-ch U16"]
[Site "Leba"]
[Date "2007.03.27"]
[Round "5"]
[White "Scibior, Adam"]
[Black "Jedrzejewski, Kamil"]
[Result "1-0"]
[WhiteElo "2017"]
[BlackElo "1958"]
[PlyCount "103"]
[EventDate "2007.03.24"]
[EventType "swiss"]
[EventRounds "11"]
[EventCountry "POL"]
[SourceTitle "EXT 2011"]
[Source "ChessBase"]
[SourceDate "2010.11.26"]
[SourceVersion "1"]
[SourceVersionDate "2010.11.26"]
[SourceQuality "1"]

1. Nf3 f5 2. c4 Nf6 3. Nc3 g6 4. g3 Bg7 5. Bg2 d6 6. d4 0-0 7. 0-0 Nc6 8. d5 Ne5 9. Nxe5 dxe5 10. Qb3 h6 11. Rd1 Kh8 12. e4 a6 13. Re1 Nh5 14. exf5 gxf5 15. Qd1 Qe8 16. Bf3 Nf6 17. Rxe5 Ng4 18. Re1 Qh5 19. h4 Bf6 20. Bf4 Qg6 21. Bxg4 fxg4 22. Be5 Bf5 23. Qd4 Rae8 24. Re3 e6 25. Rae1 Kh7 26. dxe6 Rxe6 27. Nd5 Bxe5 28. Rxe5 Qg7 29. Nf4 Rxe5 30. Qxe5 Qxe5 31. Rxe5 Rf7 32. Kg2 Kg7 33. f3 Kf6 34. Rd5 Re7 35. Rd2 c6 36. Rd6+ Ke5 37. c5 gxf3+ 38. Kxf3 Be4+ 39. Ke3 Kf5 40. Rxh6 Bd5+ 41. Kf2 Bxa2 42. Kf3 Rg7 43. Rh5+ Kf6 44. g4 Bb3 45. Rf5+ Ke7 46. g5 Bc2 47. Re5+ Kf7 48. h5 Rg8 49. Kg4 Bd1+ 50. Kh4 Bc2 51. Re6 Bf5 52. Rf6+ 1-0

[Event "Obra Zima op-A"]
[Site "Obra"]
[Date "2007.01.21"]
[Round "8"]
[White "Jedrzejewski, Kamil"]
[Black "Gawronski, Miroslaw"]
[Result "0-1"]
[WhiteElo "1958"]
[BlackElo "2168"]
[PlyCount "68"]
[EventDate "2007.01.18"]
[EventType "swiss"]
[EventRounds "9"]
[EventCountry "POL"]
[SourceTitle "EXT 2011"]
[Source "ChessBase"]
[SourceDate "2010.11.26"]
[SourceVersion "1"]
[SourceVersionDate "2010.11.26"]
[SourceQuality "1"]

1. e4 d6 2. d4 Nf6 3. Nc3 c6 4. Be2 Qa5 5. Bd2 Qc7 6. Be3 e5 7. Qd2 b5 8. a3 Be7 9. d5 a6 10. f3 c5 11. g4 Bb7 12. h4 h6 13. Nh3 Nfd7 14. Nf2 Nb6 15. b3 N8d7 16. 0-0-0 b4 17. Nb1 a5 18. a4 c4 19. Bxc4 Nxc4 20. bxc4 Ba6 21. f4 Rc8 22. Nd3 exf4 23. Bxf4 Bxc4 24. e5 Bxd3 25. Qxd3 dxe5 26. Rhe1 0-0 27. Be3 Bxh4 28. Rh1 Be7 29. g5 Nc5 30. Qc4 Qd6 31. gxh6 g5 32. Rdg1 Qg6 33. Kd1 Nxa4 34. Qe2 b3 0-1

[Event "POL-ch U16"]
[Site "Leba"]
[Date "2006.04.02"]
[Round "11"]
[White "Smola, Michal"]
[Black "Jedrzejewski, Kamil"]
[Result "1-0"]
[WhiteElo "1986"]
[BlackElo "2062"]
[PlyCount "103"]
[EventDate "2006.03.25"]
[EventType "swiss"]
[EventRounds "11"]
[EventCountry "POL"]
[SourceTitle "CBM 111 Extra"]
[Source "ChessBase"]
[SourceDate "2006.05.09"]
[SourceVersion "1"]
[SourceVersionDate "2006.05.09"]
[SourceQuality "1"]

1. e4 d5 2. exd5 Nf6 3. Nf3 Nxd5 4. d4 g6 5. c4 Nb6 6. Nc3 Bg7 7. c5 N6d7 8. Bc4 0-0 9. 0-0 c6 10. Re1 b5 11. Bb3 Nf6 12. Ne5 a5 13. a3 Bb7 14. Be3 Nbd7 15. f4 e6 16. Qf3 Nd5 17. Ne4 N7f6 18. Nd6 Qc7 19. g4 Ne8 20. Nxe8 Raxe8 21. Bf2 f6 22. Nd3 Kh8 23. Qe4 Qd7 24. Re2 Ba6 25. Rae1 b4 26. Bxd5 cxd5 27. Qf3 b3 28. Re3 Bc4 29. h3 Qc7 30. f5 e5 31. Bg3 gxf5 32. Qxf5 Qa7 33. Qh5 e4 34. Nf4 Qf7 35. Qf5 Bh6 36. Rd1 Rg8 37. Bh4 Bg5 38. Be1 h5 39. Rd2 Bh6 40. Bh4 Bg5 41. Bg3 h4 42. Be1 Rd8 43. Kh1 Ba6 44. Ng2 Bc8 45. Qf1 Bxe3 46. Nxe3 Rg6 47. Rf2 a4 48. Rf4 Qe6 49. Bxh4 Rf8 50. Rf5 Bb7 51. Qf2 Rf7 52. g5 1-0

[Event "POL-ch U16"]
[Site "Leba"]
[Date "2006.03.30"]
[Round "8"]
[White "Wasik, Piotr"]
[Black "Jedrzejewski, Kamil"]
[Result "0-1"]
[WhiteElo "1845"]
[BlackElo "2062"]
[PlyCount "110"]
[EventDate "2006.03.25"]
[EventType "swiss"]
[EventRounds "11"]
[EventCountry "POL"]
[SourceTitle "CBM 111 Extra"]
[Source "ChessBase"]
[SourceDate "2006.05.09"]
[SourceVersion "1"]
[SourceVersionDate "2006.05.09"]
[SourceQuality "1"]

1. e4 d5 2. exd5 Nf6 3. Bb5+ Nbd7 4. c4 a6 5. Ba4 b5 6. cxb5 Bb7 7. Nc3 Nxd5 8. Nf3 e6 9. 0-0 Bd6 10. Ne4 Be7 11. Re1 0-0 12. bxa6 Rxa6 13. d4 N5f6 14. Nc3 Nd5 15. Ne5 Nxe5 16. dxe5 Nxc3 17. bxc3 Qa8 18. Bb5 Rxa2 19. Rxa2 Qxa2 20. Be3 Rd8 21. Qb1 Qd5 22. Bf1 h6 23. c4 Qc6 24. Rd1 Ra8 25. Qd3 Rd8 26. Qb1 Ra8 27. Qb3 Qa4 28. Rb1 Bc6 29. Qc3 Be4 30. Bd3 Qc6 31. f3 Bxd3 32. Qxd3 Bc5 33. Rc1 Ra3 34. Rc3 Ra1+ 35. Kf2 Ra2+ 36. Kg3 Bb4 37. Rb3 Be1+ 38. Kh3 Ra8 39. Rb5 Qe8 40. Qb1 Bc3 41. Qb3 c6 42. Rc5 Ba5 43. Qb1 Rb8 44. Qe4 Bb6 45. Kg3 Bxc5 46. Bxc5 Qd7 47. Bd6 Ra8 48. c5 Qb7 49. h3 Qb5 50. Kh2 Ra2 51. Qg4 Ra4 52. Qg3 Qf1 53. Be7 Ra1 54. Qf4 Qg1+ 55. Kg3 Ra2 0-1